|
|
|
|
| LEADER |
00000nam0a2200000 4500 |
| 001 |
120083 |
| 005 |
20231101215601.0 |
| 010 |
|
|
|a 9785238011974
|
| 035 |
|
|
|a (RuTPU)RU\TPU\book\130009
|
| 090 |
|
|
|a 120083
|
| 100 |
|
|
|a 20070816d2007 m y0rusy50 ca
|
| 101 |
0 |
|
|a rus
|
| 102 |
|
|
|a RU
|
| 105 |
|
|
|a y j 001zy
|
| 200 |
1 |
|
|a Корпоративное право
|e учебное пособие
|f Московский университет МВД России ; Фонд содействия правоохранительным органам "Закон и право" ; под ред. И. А. Еремичева; Е. А. Павлова
|
| 205 |
|
|
|a 2-е изд., перераб. и доп.
|
| 210 |
|
|
|a Москва
|c ЮНИТИ-ДАНА
|c Закон и право
|d 2007
|
| 215 |
|
|
|a 400 с.
|
| 225 |
1 |
|
|a Высшее профессиональное образование. Юриспруденция
|
| 320 |
|
|
|a Библиогр.: с. 394-395.
|
| 330 |
|
|
|a Во втором издании пособия (1-е изд. — 2005 г.) более углубленно рассмотрены проблемы: определение предмета и метода корпоративного права, установление его взаимодействия с другими отраслями права (гражданским, административным, арбитражным, трудовым и т.д.); история развития и современные состояния корпоративного права, сфера его действия в рыночной экономике; правовой статус субъектов корпоративного права в свете последних изменений российского законодательства; специфика корпоративного поведения. Кроме того, значительно расширена тематика — дан новый материал по государственному регулированию, антимонопольному законодательству и конкуренции применительно к деятельности корпораций, а также формам и механизмам зашиты прав корпораций. Для студентов, аспирантов и преподавателей высших учебных заведений юридического профиля, а также для профессионалов, занимающихся предпринимательской деятельностью.
|
| 606 |
1 |
|
|a Корпоративное право
|2 stltpush
|3 (RuTPU)RU\TPU\subj\22188
|9 47031
|
| 610 |
1 |
|
|a право
|
| 610 |
1 |
|
|a гражданское право
|
| 610 |
1 |
|
|a хозяйственное право
|
| 610 |
1 |
|
|a теория
|
| 610 |
1 |
|
|a история
|
| 610 |
1 |
|
|a методы
|
| 610 |
1 |
|
|a правоотношения
|
| 610 |
1 |
|
|a корпоративные нормы
|
| 610 |
1 |
|
|a товарищества
|
| 610 |
1 |
|
|a производственные кооперативы
|
| 610 |
1 |
|
|a объединения
|
| 610 |
1 |
|
|a правовой статус
|
| 610 |
1 |
|
|a регистрация
|
| 610 |
1 |
|
|a корпорации
|
| 610 |
1 |
|
|a органы
|
| 610 |
1 |
|
|a корпоративное поведение
|
| 610 |
1 |
|
|a корпоративный контроль
|
| 610 |
1 |
|
|a государственное регулирование
|
| 610 |
1 |
|
|a конкуренция
|
| 610 |
1 |
|
|a договоры
|
| 610 |
1 |
|
|a обязательства
|
| 610 |
1 |
|
|a корпоративная ответственность
|
| 610 |
1 |
|
|a кадровая политика
|
| 610 |
1 |
|
|a права
|
| 610 |
1 |
|
|a защита
|
| 610 |
1 |
|
|a учебные пособия
|
| 686 |
|
|
|a Х623я73
|v LBC/SL-A
|2 rubbk
|
| 702 |
|
1 |
|a Еремичев
|b И. А.
|g Иван Андреевич
|4 340
|
| 702 |
|
1 |
|a Павлов
|b Е. А.
|g Евгений Александрович
|4 340
|
| 712 |
0 |
2 |
|a Московский университет МВД России
|2 stltpush
|3 (RuTPU)RU\TPU\col\2402
|9 23679
|
| 712 |
0 |
2 |
|a Закон и право
|c Фонд содействия правоохранительным органам
|2 stltpush
|3 (RuTPU)RU\TPU\col\2444
|9 23683
|
| 801 |
|
1 |
|a RU
|b 63413507
|c 20070816
|g PSBO
|
| 801 |
|
2 |
|a RU
|b 63413507
|c 20131216
|g PSBO
|
| 900 |
|
|
|a Корпоративное управление
|
| 900 |
|
|
|a Право
|
| 900 |
|
|
|a Правоведение
|
| 942 |
|
|
|c BK
|
| 952 |
|
|
|b 030500
|b 030501
|
| 959 |
|
|
|a 48/20070816
|d 1
|e 160,00
|f ЧЗГЛ:1
|